00422nam a2200121Ia 4500008004100000245010700041260004500148260000900193300000900202500001300211650001300224856006300237170516s9999 xx 000 0 und d aPaclitaxel and curcumin co-bound albumin nanoparticles having antitumor potential to pancreatic cancer bAsian Journal of Pharmaceutical Sciences c2016 a11:6 aDecember xPharmacy uhttp://www.sciencedirect.com/science/journal/18180876/11/6